Constitución Política del Estado de Aguascalientes /

Kaydedildi:
Detaylı Bibliyografya
Müşterek Yazar: Aguascalientes
Materyal Türü: Kitap
Dil:İspanyolca
Baskı/Yayın Bilgisi: México : Fondo de Cultura Económica : UNAM, 1995, c1995
Konular:
Etiketler: Etiketle
Etiket eklenmemiş, İlk siz ekleyin!

MARC

LEADER 00000nam^a2200000^a^4500
001 000053223
005 20250521000000.0
009 20260310090424.506
020 |a 968-16-4625-8 
037 |a Acervo ITESO - Biblioteca 
041 |a ESP 
082 |a 342. 72  |b MEX V. 2 
110 |a Aguascalientes 
240 1 1 |a [Constitución. 1950] 
245 1 0 |a Constitución Política del Estado de Aguascalientes / 
264 4 |a México :  |b Fondo de Cultura Económica :  |b UNAM,  |c 1995, c1995 
300 |a 28 p. 
336 |a texto  |b txt  |2 rdacontenido 
337 |a sin mediación  |b n  |2 rdamedio 
338 |a volumen  |b nc  |2 rdasoporte 
649 |a XX 
650 |a Constitución, 1950 -  |z Aguascalientes 
650 |a Constituciones Estatales -  |z México 
650 |a Derecho Constitucional -  |z Aguascalientes 
650 |a Derecho Constitucional -  |z México 
650 |a Derecho Público -  |z Aguascalientes 
650 |a Derecho Público -  |z México 
910 |a Fondo General 
920 |a Impresos - Libros 
930 |a Colección General 
905 |a 101 
901 |a 0500010834  |b IT1  |c ACC  |u 20250521 
902 |a https://opac.biblio.iteso.mx/vufind/Record/000053223